000 00488nam a2200157 i 4500
001 24787
003 ES-MaACL
005 20230906153129.0
007 t|
008 021218s1968 sp ||||1| spa d
245 0 0 _aAño Internacional del turismo
_b: ciclo de conferencias : noviembre 1967.
260 _aMadrid :
_bInstituto de Estudios Turísticos,
_c[1968]
300 _a174 p. ;
_c24 cm.
710 2 _aInstituto de Estudios Turísticos.
_94936
852 _aES-MaACL
_jC-46691
_bR.67843
999 _c24787
_d24787